000 00611nam a22002177a 4500
003 OSt
005 20140310182837.0
008 130607t xxu||||| |||| 00| 0 eng d
020 _a0070689024
050 _aHF 5679
_b.W363 1977 v.2
082 _aM 657
_bAc2 1977
_23rd ed.
245 _aAccounting systems and the procedures
_cWeaver, David H., [et. al.]
250 _a3rd ed.
260 _aUSA :
_bMcGraw-Hill, Inc.,
_cc1977.
300 _axvi, 429 p.
_bill. : (some col.) ;
_c23 cm.
521 _aCollege Students
526 _c1210L-1700L
541 _j1
_i2
562 _e1
942 _2lcc
_cBK
_kM
999 _c16789
_d16789